<?xml version="1.0" encoding="UTF-8"?>
<collection xmlns:xsi="http://www.w3.org/2001/XMLSchema-instance" xsi:schemaLocation="http://www.loc.gov/MARC21/slim http://www.loc.gov/standards/marcxml/schema/MARC21slim.xsd" xmlns="http://www.loc.gov/MARC21/slim">
 <record>
  <leader>00000cam a22000003i 4500</leader>
  <controlfield tag="001">UP-1685594773862138185</controlfield>
  <controlfield tag="003">Buklod</controlfield>
  <controlfield tag="005">20240215111605.0</controlfield>
  <controlfield tag="006">g||| |     ||   ||</controlfield>
  <controlfield tag="007">ta</controlfield>
  <controlfield tag="008">190306s2017    xx a    rb   |||1 u|eng d</controlfield>
  <datafield tag="020" ind1=" " ind2=" ">
   <subfield code="a">9780128022191 (hbk.)</subfield>
  </datafield>
  <datafield tag="035" ind1=" " ind2=" ">
   <subfield code="a">(iLib)UPBAG-00032978940</subfield>
  </datafield>
  <datafield tag="037" ind1=" " ind2=" ">
   <subfield code="a">BC-70463</subfield>
   <subfield code="b">Fastbooks Educational Supply, Inc.</subfield>
   <subfield code="c">Php9,593.00</subfield>
   <subfield code="n">DSAP Faculty</subfield>
  </datafield>
  <datafield tag="040" ind1=" " ind2=" ">
   <subfield code="a">DLC</subfield>
   <subfield code="d">BAG</subfield>
   <subfield code="e">rda</subfield>
  </datafield>
  <datafield tag="041" ind1="0" ind2=" ">
   <subfield code="a">eng</subfield>
  </datafield>
  <datafield tag="090" ind1=" " ind2="0">
   <subfield code="a">BF 176</subfield>
   <subfield code="b">C68 2017</subfield>
  </datafield>
  <datafield tag="100" ind1="1" ind2=" ">
   <subfield code="a">Coulacoglou, Carina</subfield>
   <subfield code="d">1956-</subfield>
   <subfield code="e">author.</subfield>
  </datafield>
  <datafield tag="245" ind1="1" ind2="0">
   <subfield code="a">Psychometrics and psychological assessment</subfield>
   <subfield code="b">principles and applications</subfield>
   <subfield code="c">Carina Coulacoglou, Donald H. Saklofske.</subfield>
  </datafield>
  <datafield tag="264" ind1=" " ind2="1">
   <subfield code="a">London, United Kingdom</subfield>
   <subfield code="b">Academic Press, an imprint of Elsevier</subfield>
   <subfield code="c">[2017]</subfield>
  </datafield>
  <datafield tag="300" ind1=" " ind2=" ">
   <subfield code="a">xiii, 485 pages</subfield>
   <subfield code="b">illustrations</subfield>
   <subfield code="c">29 cm</subfield>
  </datafield>
  <datafield tag="336" ind1=" " ind2=" ">
   <subfield code="a">text</subfield>
   <subfield code="2">rdacontent</subfield>
  </datafield>
  <datafield tag="337" ind1=" " ind2=" ">
   <subfield code="a">unmediated</subfield>
   <subfield code="2">rdamedia</subfield>
  </datafield>
  <datafield tag="338" ind1=" " ind2=" ">
   <subfield code="a">volume</subfield>
   <subfield code="2">rdacarrier</subfield>
  </datafield>
  <datafield tag="504" ind1=" " ind2=" ">
   <subfield code="a">Includes bibliographical references and index.</subfield>
  </datafield>
  <datafield tag="505" ind1="0" ind2=" ">
   <subfield code="a">Recent advances in psychological assessment and test construction -- Classical test theory, generalizablity theory, and item response perspectives on reliability -- Validity -- Advances in latent variable measurement modeling -- Executive function, theory of mind, and adaptive behavior -- Metacognition, empathy, and cognitive biases in schizophrenia and OCD -- The role of temperament in development and psychopathology -- The assessment of family, parenting, and child outcomes -- Perspectives and advances in personality -- Measures of personality -- Advances in theoretical, developmental and cross-cultural perspectives of psychopathology -- Psychiatric taxonomies and corresponding measures -- Theoretical perspectives of criminal behaviors and developmental criminology -- General overview of violence risk assessment and corresponding measures -- The aggressive implications of suicide.</subfield>
  </datafield>
  <datafield tag="520" ind1=" " ind2=" ">
   <subfield code="a">Reports on contemporary perspectives and models on psychological assessment and their corresponding measures. It highlights topics relevant to clinical and neuropsychological domains, including cognitive abilities, adaptive behavior, temperament, and psychopathology.Moreover, the book examines a series of standard as well as novel methods and instruments, along with their psychometric properties, recent meta-analytic studies, and their cross-cultural applications.</subfield>
  </datafield>
  <datafield tag="650" ind1=" " ind2="0">
   <subfield code="a">Psychological tests.</subfield>
  </datafield>
  <datafield tag="650" ind1=" " ind2="0">
   <subfield code="a">Psychometrics.</subfield>
  </datafield>
  <datafield tag="650" ind1=" " ind2="0">
   <subfield code="a">Psychotherapy</subfield>
   <subfield code="x">Outcome assessment.</subfield>
  </datafield>
  <datafield tag="700" ind1="1" ind2=" ">
   <subfield code="a">Saklofske, Donald H.</subfield>
   <subfield code="e">author.</subfield>
  </datafield>
  <datafield tag="905" ind1=" " ind2=" ">
   <subfield code="a">FO</subfield>
  </datafield>
  <datafield tag="852" ind1="0" ind2=" ">
   <subfield code="a">UPBAG</subfield>
   <subfield code="b">UPBAG-MAIN</subfield>
   <subfield code="h">BF 176 C68 2017</subfield>
  </datafield>
  <datafield tag="942" ind1=" " ind2=" ">
   <subfield code="a">Book</subfield>
  </datafield>
 </record>
</collection>
